000 00511nam a2200181Ia 4500
008 240925s9999 xx 000 0 und d
020 _a817656009x
082 _a005.7565 BAY
100 _aBayross, Ivan
245 0 _aSQL PL/SQL: the programming language of oracle
250 _aNA
260 _aNew Delhi:
_bBPB Publication
_c,1998.
300 _axxvi,628p.
_bNA
_fPirated
500 _aIncludes Index
600 _aComputer Science
650 _aComputer science, information & general works
942 _cBK
999 _c6276
_d6276